| 000 | 01486dam0a22003011 4500 | ||
|---|---|---|---|
| 001 | rc\2859730 | ||
| 005 | 20260406130334.0 | ||
| 035 | _a(NLR Aleph) 007014113 | ||
| 090 |
_a5843763 _c5843763 |
||
| 100 | _a20110708d1928 |||y0rusy50 ca | ||
| 101 | 0 | _arus | |
| 102 | _aRU | ||
| 105 | _ac z ||||| | ||
| 200 | 1 |
_aНабег _aЗаписки маркера _aСевастополь в декабре _aСевастополь в мае _aСевастополь в августе _aРубка леса _aВстреча в отряде с московским знакомым _aУтро помещика _aМетель _aДва гусара |
|
| 210 |
_aМосква _aЛенинград _cГос. изд-во _d1928 _gТип. "Печатный двор" |
||
| 215 |
_a365 с., [2] с. объявл., [1] вкл. л. портр. _cпортр. |
||
| 225 | 1 |
_aПолное собрание художественных произведений _e2-е изд. _vТ. 11 |
|
| 300 | _aРедакция В. Срезневского. "Севастополь", К. Халабава и Б. Эйхенбаума | ||
| 700 | 1 |
_7ca _8rus _aТолстой _bЛ. Н. _f1828-1910 _gЛев Николаевич _9111537 _3RU\NLR\AUTH\771515 |
|
| 702 | 1 |
_aСрезневский _bВ. _4340 |
|
| 702 | 1 |
_aХалабава _bК. _4340 |
|
| 702 | 1 |
_aЭйхенбаум _bБ. _4340 |
|
| 801 | 0 |
_aRU _bNLR _gpsbo |
|
| 801 | 1 |
_aRU _bELAR _2rusmarc |
|
| 852 |
_aNLR _j44/609 |
||
| 942 | _cBOOK | ||
| 980 | _aNB | ||